Breve historia de la lingüística

Uloženo v:
Podrobná bibliografie
Hlavní autor: Robins, R. H (Autor)
Médium: Kniha
Jazyk:španělština
Vydáno: Madrid Paraninfo 1974
Edice:Colección Centro de Estudios Universitarios de Alicante
Témata:
Tagy: Přidat tag
Žádné tagy, Buďte první, kdo vytvoří štítek k tomuto záznamu!

MARC

LEADER 00000nam a2200000 a 4500
001 UCI0071
003 CL-VaPUC
008 070420e19740000SP |||||||||||||||||spa|d
020 |a 8428305889 
082 0 4 |a 410  |b ROB  |2 21 
100 0 |a Robins, R. H  |e author  |9 520159 
245 1 0 |a Breve historia de la lingüística 
300 |a 239 p 
942 |c BK 
945 |d 20070420 00:00:00  |a jtorresc 
260 |a Madrid  |b Paraninfo  |c 1974 
650 0 |a Lingüística  |9 265068 
650 0 |a Investigación lingüística  |9 329785 
650 0 |a Análisis lingüístico  |9 314711 
583 |a last modification  |c 20130304 02:26:24  |k Rodrigo Vera 
490 0 |a Colección Centro de Estudios Universitarios de Alicante 
999 |c 325362  |d 325360 
952 |0 0  |1 0  |4 0  |6 410_000000000000000_ROB_1974  |7 0  |8 A  |9 406116  |a FDOPOS  |b FDOPOS  |d 2019-11-22  |i 4275160  |o 410 ROB 1974  |p 4275160  |r 2025-01-22  |w 2019-11-22  |y BK  |k MLA